Zásady pre časové rozlíšenie nákladov a výnosov
Časové rozlišovanie upravuje § 5, § 56, § 59 ods. 14, t.j. Opatrenie MF SR č. 23 054/2002-92...Náklady a komplexné náklady budúcich období. Výdavky budúcich období. Výnosy budúcich období. Príjmy budúcich období.
Guardado en:
| Autor principal: | |
|---|---|
| Formato: | Capítulo de libro |
| Lenguaje: | eslovaco |
| Materias: | |
| Etiquetas: |
Sin Etiquetas, Sea el primero en etiquetar este registro!
|
MARC
| LEADER | 00000nla$a2200000$$$4500 | ||
|---|---|---|---|
| 001 | 0084711 | ||
| 005 | 20240502071946.8 | ||
| 041 | 0 | |a slo | |
| 044 | |a SK | ||
| 245 | 1 | 0 | |a Zásady pre časové rozlíšenie nákladov a výnosov |c Jitka Meluchová |
| 520 | |a Časové rozlišovanie upravuje § 5, § 56, § 59 ods. 14, t.j. Opatrenie MF SR č. 23 054/2002-92...Náklady a komplexné náklady budúcich období. Výdavky budúcich období. Výnosy budúcich období. Príjmy budúcich období. | ||
| 610 | 2 | 0 | |a legislatíva |
| 610 | 2 | 0 | |a účtovníctvo |
| 610 | 2 | 0 | |a rozlíšenie časové |
| 610 | 2 | 0 | |a náklady |
| 610 | 2 | 0 | |a výnosy |
| 610 | 2 | 0 | |a výdavky |
| 100 | 1 | |a Meluchová, Jitka, 1965- | |